=LDR 00000nam 2200000 4500 =001 INLIS000000000036066 =005 20130612141854 =008 ***********************************Ind** =035 ##$$0010-061300000036066 =041 ##$$a Ind =082 ##$$a F Rom K =090 ##$$a F Rom K, Arp t =100 ##$$a Arps, Melisa =245 ##$$a Tinkerbell and the last treasure, Tini Adventure = petualangan petualangan kecil, Melisa Arps ; alih bahasa, Rosi L. Simamora =260 ##$$a 2009 $b jakarta =300 ##$$a 24 hlm, ilus, 18 cm =650 ##$$a Bacaan kanak-kanak =700 ##$$a Simarjora, Rosi L =850 ##$$a NBPNMAT